|
|
|
|
| LEADER |
00710cam a2200193 7i4500 |
| 001 |
0000049476 |
| 005 |
20231204090000.0 |
| 090 |
0 |
0 |
|a PL5073
|b .D34 1981
|
| 245 |
0 |
0 |
|a Daftar ejaan rumi Bahasa Malaysia.
|
| 260 |
|
|
|a Kuala Lumpur:
|b Dewan Bahasa dan Pustaka,
|c 1981.
|
| 300 |
|
|
|a xlix, 393 p.;
|c 21 cm.
|
| 500 |
|
|
|a Gift: Prof. Dato' Dr. Siddiq Fadzil
|
| 500 |
|
|
|a Gift: Zainol Ahmad Resource Center
|
| 500 |
|
|
|a Gift: Prof. Dr. Mohd Nor bin Nawawi
|
| 650 |
0 |
0 |
|a Malay language --
|x Orthography and spelling
|
| 650 |
0 |
0 |
|a Malay language
|
| 997 |
|
|
|a Perpustakaan Peringatan Siddiq Fadzil
|
| 999 |
|
|
|a 0000067500
|b BOK
|c OPEN SHELF
|e 1st Floor, Bestari Jaya
|
| 999 |
|
|
|a 0000068524
|b BOK
|c OPEN SHELF
|e 1st Floor, Bestari Jaya
|